000 00705nam a2200253Ia 4500
003 OSt
005 20221005043652.0
006 a|||||r|||| 00| 0
007 ta
008 221004b |||||||| |||| 00| 0 eng d
024 _a63316
037 _cTextual
040 _aCRL
_cCRL
_beng
041 _2eng
_aeng
082 _aV236HaN7, M5.1
100 _aQuraishi S Y
245 0 _aHaryana rediscovered
_b A bibliographical area study
260 _aGurgaon
_bIndian Documentation Service
_c1985
300 _a449p.
_ccm.
490 _aIndian states bibliography series; 5
650 _aHISTORY
942 _hV236HaN7, M5.1
_cTEXL
_2cc
999 _c952224
_d952224